| 000 | 00494nam a2200181 4500 | ||
|---|---|---|---|
| 001 | 120059 | ||
| 003 | ES-MaACL | ||
| 005 | 20230906191446.0 | ||
| 007 | t| | ||
| 008 | 070214s1959 sp r ||||1| spa d | ||
| 100 | 1 |
_aPérez de Urbel, Justo. _990812 |
|
| 245 | 1 | 0 |
_aBurgos / _cFray Justo Pérez de Urbel. |
| 250 | _a1ª. ed. | ||
| 260 |
_aBarcelona : _bNoguer, _c1959. |
||
| 300 |
_a44 p., 30 lám. ; _c19 cm. |
||
| 500 | _aContiene un suplemento. | ||
| 852 |
_aES-MaACL _jC-16693 _bR.44852 |
||
| 999 |
_c120059 _d120059 |
||